|
|
|
|
| LEADER |
00829nam a2200193 a 4500 |
| 008 |
090615s1989 ii a b 001 0 eng d |
| 082 |
0 |
0 |
|a 338.9
|2 20
|
| 245 |
0 |
0 |
|a Project evaluation criteria and cost-benefit analysis /
|c K. Puttaswamaiah, edited.
|
| 250 |
|
|
|a 2nd ed.
|
| 260 |
|
|
|a New Delhi :
|b Oxford & IBH,
|c c1989.
|
| 300 |
|
|
|a xviii, 196 p. :
|b ill. ;
|c 23 cm.
|
| 504 |
|
|
|a Includes bibliographical references and index.
|
| 541 |
1 |
|
|e 00005479
|
| 650 |
|
0 |
|a Economic development projects
|x Evaluation.
|
| 650 |
|
0 |
|a Economic development projects
|x Cost effectiveness.
|
| 700 |
1 |
|
|a Puttaswamaiah, K.
|
| 852 |
4 |
|
|a Ayesha Abed Library
|j General shelf
|
| 999 |
|
|
|c 1329
|d 1329
|
| 952 |
|
|
|0 0
|1 0
|2 ddc
|4 0
|6 338_900000000000000_PRO
|7 0
|9 1211
|a BRACUL
|b BRACUL
|c GEN
|d 2009-06-25
|g 112.00
|l 1
|m 8
|o 338.9 PRO
|p 3010005479
|r 2012-09-10
|s 2012-07-08
|t 1
|w 2009-06-25
|y BK
|